|
|
|
|
| LEADER |
00000ny a22000003n 4500 |
| 005 |
20110614150248.0 |
| 008 |
100514s2009 ck 000 0 spa d |
| 020 |
|
|
|a 9789588378701
|
| 035 |
|
|
|a 4897
|
| 040 |
|
|
|a UCLM
|d vLex
|
| 080 |
|
|
|a 342.9
|
| 090 |
|
|
|c 686
|d 686
|
| 245 |
0 |
0 |
|a Retos y perspectivas del derecho administrativo
|h [Recurso electrn̤ico]
|c Manuel Alberto Restrepo Medina, editor acadm̌ico
|
| 256 |
|
|
|a Servicio en ln̕ea
|
| 260 |
|
|
|a Bogot ̀:
|b Universidad del Rosario,
|c 2009
|
| 300 |
|
|
|a p. ;
|c cm.
|
| 506 |
1 |
|
|a Contenido solo disponible en los productos indicados
|d vLex Global
|d vLex Global (Academic Edition, excluding Law Schools)
|d vLex Global (U.S. Academic Edition, Law Schools)
|d vLex Global (U.S. Academic Edition, excluding Law Schools)
|d vLex Global (Academic Edition, Law Schools)
|
| 650 |
0 |
4 |
|a Derecho administrativo
|
| 700 |
1 |
|
|a Restrepo Medina, Manuel Alberto,
|e ed.
|
| 740 |
0 |
|
|a vLex Libros (Servicios en ln̕ea)
|
| 856 |
4 |
0 |
|u http://vlex.com/source/4897
|z Acceso restringido
|
| 942 |
|
|
|c BOOK
|
| 999 |
|
4 |
|a Administrative law
|b Bogot̀
|